000 01584cam a22003975a 4500
999 _c522549
_d522549
001 13006193
003 NUST
005 20181031044853.0
008 011012s2001 sw b b 000 0 eng c
010 _a 2002507257
020 _a9150614916
035 _a(MiU)notisATL5788
035 _a(OCoLC)48134050
035 _a(CStRLIN)MIUGATL5788-B
038 _aArshad
040 _aTJC
_cTJC
_dOHX
_dEYM
_dDLC
042 _alccopycat
043 _aa-cc---
_aas-----
050 0 0 _aDS518.15
_b.S9 2001
082 0 0 _a327.51059
_bSWA
100 1 _aSwanström, Niklas.
_912484
245 1 0 _aForeign devils, dictatorship, or institutional control :
_bChina's foreign policy towards Southeast Asia /
_cNiklas Swanström.
246 3 0 _aChina's foreign policy towards Southeast Asia
260 _aUppsala, Sweden:
_bUppsala University, Dept. of Peace and Conflict Research,
_c2001.
300 _a197 p. :
_bmaps ;
_c24 cm.
490 1 _aReport,
_x0566-8808 ;
_vno. 57
500 _aOriginally presented as the author's dissertation (Ph. D.)--Uppsala University, 2001.
504 _aIncludes bibliographical references (p. 170-194).
651 0 _aChina
_xForeign relations
_zSoutheast Asia.
_912515
651 0 _aSoutheast Asia
_xForeign relations
_zChina.
_912516
651 0 _aChina
_xPolitics and government
_y1949-
_912517
830 0 _aReport (Uppsala universitet. Institutionen för freds- och konfliktforskning) ;
_vno. 57.
_912518
906 _a7
_bcbc
_ccopycat
_d3
_encip
_f20
_gy-gencatlg
942 _2ddc
_cBK